|
|
|
|
| LEADER |
00960nkm a2200277 a 4500 |
| 001 |
001166749 |
| 003 |
CZ BrMZK |
| 005 |
20110913081021.0 |
| 007 |
kf co |
| 008 |
110902s2011 xr nnn e kncze |
| 020 |
|
|
|a 978-80-7336-641-4
|q (karty v krabičce)
|
| 040 |
|
|
|a BOA001
|b cze
|
| 080 |
|
|
|a 2-167.2
|2 MRF
|
| 080 |
|
|
|a 2-58-472
|2 MRF
|
| 080 |
|
|
|a (0.026.6)794.43
|2 MRF
|
| 100 |
1 |
|
|a Bader, Silke,
|d 1973-
|7 xx0076485
|4 aut
|
| 245 |
1 |
0 |
|a Poselství andělů pro tebe
|h [grafika] :
|b andělské obrazy a andělská slova /
|c Silke Bader
|
| 260 |
|
|
|a Olomouc :
|b Fontána,
|c [2011]
|
| 300 |
|
|
|a 44 karet :
|b barev. ;
|c 12 x 8 cm +
|e 1 l. textu
|
| 650 |
0 |
7 |
|a andělé
|7 ph114045
|2 czenas
|
| 650 |
0 |
7 |
|a duchovní vedení
|7 ph119638
|2 czenas
|
| 655 |
|
7 |
|a vykládací karty
|7 fd133822
|2 czenas
|
| 910 |
2 |
|
|a BOA001
|b Z-1270.619
|
| 990 |
|
|
|a GP
|
| 991 |
|
|
|b 201109
|e n
|
| 996 |
6 |
|
|b 2610487567
|c Z-1270.619
|l MZK
|r Sklad / do 24 hodin
|n 0
|p p.v.
|w 001200830
|u 000010
|a 1
|e BOA001
|j MZK50
|s P
|